Statistics for Guess All Countries By Its Old Flag

Click here to take the quiz!

General Stats

  • This quiz has been taken 241 times
  • The average score is 48 of 122

Answer Stats

Answer% Correct
Austria
69%
India
69%
Australia
68%
Croatia
68%
Italy
67%
Cyprus
66%
Mexico
66%
South Korea
66%
Cambodia
65%
Turkey
65%
Uruguay
65%
Afghanistan
64%
China
64%
Saudi Arabia
64%
Spain
64%
Argentina
63%
Japan
63%
France
62%
Iraq
62%
Peru
62%
Romania
62%
Tunisia
62%
United States of America
62%
Germany
61%
Serbia
61%
United Kingdom
61%
Hungary
59%
Lebanon
59%
Mongolia
58%
Nepal
56%
Oman
56%
St. Lucia
56%
Portugal
55%
Russia
55%
Ecuador
54%
Colombia
53%
Greece
52%
Iran
52%
Mauritania
52%
South Africa
52%
Eswatini
51%
Haiti
51%
Syria
51%
Cameroon
49%
Mozambique
49%
Canada
48%
Kazakhstan
48%
Lithuania
48%
Belarus
46%
Libya
46%
Tajikistan
46%
Venezuela
46%
Estonia
45%
Democratic Republic of the Congo
44%
Thailand
44%
Laos
43%
Mali
43%
Bosnia & Herzegovina
42%
Brazil
41%
Georgia
41%
Moldova
41%
Ghana
39%
Ukraine
39%
Vietnam
39%
Latvia
38%
North Macedonia
38%
Turkmenistan
37%
Azerbaijan
36%
Kyrgyzstan
36%
Armenia
35%
Myanmar
35%
Papua New Guinea
32%
Uzbekistan
32%
Guatemala
31%
Lesotho
30%
Malta
29%
St. Vincent and The Grenadines
29%
Yemen
29%
Egypt
28%
Morocco
28%
Bahamas
27%
Ethiopia
27%
Comoros
26%
Dominica
25%
Fiji
25%
Norway
25%
Maldives
23%
Paraguay
23%
Benin
22%
Jamaica
22%
Tuvalu
22%
El Salvador
21%
Kuwait
21%
Suriname
20%
Algeria
19%
Nigeria
19%
Singapore
19%
Uganda
19%
Antigua and Barbuda
18%
Grenada
18%
Samoa
18%
Kenya
16%
Sri Lanka
16%
Bolivia
15%
Brunei
15%
Cape Verde
15%
Guyana
15%
Senegal
15%
Togo
15%
Bahrain
14%
Mauritius
14%
Panama
14%
Sudan
14%
Chile
13%
Costa Rica
12%
Nicaragua
12%
Solomon Islands
12%
The Gambia
12%
Seychelles
11%
Sierra Leone
11%
Qatar
10%
Trinidad and Tobago
9%

Score Distribution

Percentile by Number Answered

Percent of People with Each Score

Your Score History

You have not taken this quiz